Normal view
MARC view
- أبو سمهدانة، عبد الناصر عبدالله
Entry Personal Name
001 - CONTROL NUMBER
- control field: 44397
003 - CONTROL NUMBER IDENTIFIER
- control field: JO-AjAnu
005 - DATE AND TIME OF LATEST TRANSACTION
- control field: 20230606081342.0
008 - FIXED-LENGTH DATA ELEMENTS
- fixed length control field: 230606|| aca||aabn | a|a d
040 ## - CATALOGING SOURCE
- Original cataloging agency: JO-AjAnu
- Transcribing agency: JO-AjAnu
100 ## - HEADING--PERSONAL NAME
- Personal name: أبو سمهدانة، عبد الناصر عبدالله
670 ## - SOURCE DATA FOUND
- Source citation: Work cat.: (JO-AjAnu)22735: أبو سمهدانة، عبد الناصر عبدالله, author, القرار الإداري في النظرية والتطبيق : دراسة تحليلية في ضوء أحدث التعديلات التشريعية وآراء الفقه